Statistics for Orkney Islands Map (easier version)

Click here to take the quiz!

General Stats

  • This quiz has been taken 141 times
  • The average score is 7 of 10

Answers on the Map

Answers color-coded by a green-red scale on the quiz's map according to % correct below.
 

Answer Stats

Area (ha)Island% Correct
52325Mainland
96%
13468Hoy
83%
4980South {Ronaldsay}
83%
4713Westray
82%
5043Sanday
65%
2948Shapinsay
61%
2745Eday
58%
3275Stronsay
57%
4860Rousay
56%
1100South {Walls}
40%

Score Distribution

Percentile by Number Answered

Percent of People with Each Score

Your Score History

You have not taken this quiz